Instructor's guide to text and media for: Biology concepts & connections. (5th ed.); by Campbell; Reece; Taylor; Simon (Record no. 31800)

MARC details
000 -LEADER
fixed length control field 00699nam a2200169 a 4500
008 - FIXED-LENGTH DATA ELEMENTS--GENERAL INFORMATION
fixed length control field 111003s2006 ||||||||||||||||| || u
020 ## - INTERNATIONAL STANDARD BOOK NUMBER
International Standard Book Number 0805371613
050 ## - LIBRARY OF CONGRESS CALL NUMBER
Classification number QH 308.2 Reid
100 ## - MAIN ENTRY--PERSONAL NAME
Personal name Reid, David
245 10 - TITLE STATEMENT
Title Instructor's guide to text and media for: Biology concepts & connections. (5th ed.); by Campbell; Reece; Taylor; Simon
Statement of responsibility, etc. by David Reid; Edward J. Zalisko
250 ## - EDITION STATEMENT
Edition statement 5th ed.
260 ## - PUBLICATION, DISTRIBUTION, ETC.
Place of publication, distribution, etc. San Francisco
Name of publisher, distributor, etc. Pearson
Date of publication, distribution, etc. 2006
350 ## -
-- 0.00
650 #0 - SUBJECT ADDED ENTRY--TOPICAL TERM
Topical term or geographic name entry element BIOLOGY
700 ## - ADDED ENTRY--PERSONAL NAME
Personal name Zalisko, Edward. J
995 ## -
-- MEDICAL LIBRARY OPEN ACCESS
-- 901451
-- CBU-SCHOOL OF MEDICINE LIBRARY (Ndola)
-- 0.00
-- QH 308.2 REI
-- 1
-- AVAILABLE
-- Jul 25, 2012
-- 901451
-- Medical Library Open Access Collection
999 ## -
-- 31800
-- 31800
Holdings
Withdrawn status Lost status Source of classification or shelving scheme Damaged status Not for loan Permanent Location Current Location Shelving location Date acquired Total Checkouts Full call number Barcode Date last seen Price effective from Koha item type
          CBU-SCHOOL OF MEDICINE LIBRARY, NDOLA. CBU-SCHOOL OF MEDICINE LIBRARY, NDOLA.   11/30/2022   QH 308.2 Reid 901451 11/30/2022 11/30/2022 MONOGRAPH